01395nac a22003137a 4500001001000000003000900010005001700019008003400036040005400070072000800124090001900132100011800151110007900269245013400348246011900482260003800601300001000639490010100649650002400750650001300774650001200787650001600799650002300815650001400838909004700852942001700899999001900916952014600935BR8102011BR-BrBNA20240105114947.0230509b bl.|||m| |||| 00| 0 por d aBR-BrBNAbporcBiblioteca Nacional de Agricultura aK50 a3140 BR81020111 aJankowsky, I.P. (Escola Superior de Agricultura Luiz de Queiroz, Piracicaba, SP (Brazil). Depto. de Silvicultura)1 aInstituto de Pesquisas e Estudos Florestais, Piracicaba, SP (Brasil)961601 aEfeito do aparelhamento e do tratamento preservativo superficial na secagem da madeira de pinus spp [Pinheiro; Sao Paulo; Brasil]1 a[Effect of equipment and preservative treatment on the drying process of Pinus spp [Pine tree; Sao Paulo; Brazil]]3 aPiracicaba, SP (Brasil): c1980.  a11 p. aCircular Tecnica - Instituto de Pesquisas e Estudos Florestais (Brazil)vno. 109xISSN 0100-3453 aIndustria florestal aPinheiro aMadeira aConservacao aSecagem artificial aSao Paulo a202312bLúcia Elandec55dLúcia Elande 2AGRISn0cMS c272262d272262 002AGRIS40708Acervo Gerala41918b41918cAGROBASEl0o3140 BR8102011p3140 BR8102011r2023-12-18yMSePortaria Interministerial nº 164/94